[Event "XXVI Miedzynarodowy Festiwal Szachowy im.Jozefa Dominika"]
[Site "Dobczyce"]
[Date "2018.07.13"]
[Round "5.3"]
[White "Golenia, Jan"]
[Black "Bednarczyk, Damian"]
[Result "1/2-1/2"]
[BlackElo "2227"]
[WhiteElo "1986"]
[LiveChessVersion "1.4.8"]

1. d4 {[%clk 1:30:18]} Nf6 {[%clk 1:30:42]} 2. Bg5 {[%clk 1:30:43]} d5
{[%clk 1:30:43]} 3. e3 {[%clk 1:30:05]} c6 {[%clk 1:30:10]} 4. Bd3
{[%clk 1:29:56]} h6 {[%clk 1:29:26]} 5. Bxf6 {[%clk 1:22:44]} exf6
{[%clk 1:29:46]} 6. Nd2 {[%clk 1:19:07]} Qb6 {[%clk 1:27:35]} 7. Rb1
{[%clk 1:16:45]} Na6 {[%clk 1:27:26]} 8. c3 {[%clk 1:16:47]} Bd6 {[%clk 1:20:04]}
9. Qc2 {[%clk 1:14:16]} Be6 {[%clk 1:17:49]} 10. Ne2 {[%clk 1:12:57]} c5
{[%clk 1:15:03]} 11. dxc5 {[%clk 1:09:47]} Nxc5 {[%clk 1:15:15]} 12. Bf5
{[%clk 1:10:04]} Qa6 {[%clk 1:15:04]} 13. Nc1 {[%clk 1:04:21]} O-O
{[%clk 1:13:35]} 14. Ndb3 {[%clk 1:03:30]} Ne4 {[%clk 1:12:40]} 15. Nd4
{[%clk 1:01:29]} Be5 {[%clk 0:57:53]} 16. Nxe6 {[%clk 0:36:21]} fxe6
{[%clk 0:58:18]} 17. Bxe4 {[%clk 0:36:46]} dxe4 {[%clk 0:58:42]} 18. Qe2
{[%clk 0:36:36]} Qa4 {[%clk 0:54:11]} 19. Qd1 {[%clk 0:35:46]} Qb5
{[%clk 0:54:22]} 20. Ne2 {[%clk 0:21:16]} Rad8 {[%clk 0:49:45]} 21. Qc2
{[%clk 0:19:50]} Rd3 {[%clk 0:46:55]} 22. O-O {[%clk 0:20:12]} Rfd8
{[%clk 0:47:18]} 23. Nd4 {[%clk 0:20:14]} Bxd4 {[%clk 0:44:37]} 24. exd4
{[%clk 0:19:54]} e5 {[%clk 0:44:16]} 25. dxe5 {[%clk 0:15:30]} Qxe5
{[%clk 0:44:34]} 26. Rfe1 {[%clk 0:02:42]} Qd5 {[%clk 0:42:25]} 27. Qb3
{[%clk 0:02:27]} f5 {[%clk 0:42:36]} 28. Kf1 {[%clk 0:01:36]} Qxb3
{[%clk 0:42:41]} 29. axb3 {[%clk 0:02:02]} Kf7 {[%clk 0:41:54]} 30. Ra1
{[%clk 0:00:36]} a6 {[%clk 0:42:16]} 31. Re2 {[%clk 0:00:40]} Kf6
{[%clk 0:40:57]} 32. Ra5 {[%clk 0:00:36]} R8d5 {[%clk 0:40:00]} 33. Rxd5 Rxd5
{[%clk 0:40:28]} 34. b4 {[%clk 0:00:42]} g5 {[%clk 0:37:33]} 35. Ke1
{[%clk 0:00:47]} a5 {[%clk 0:33:34]} 36. bxa5 {[%clk 0:00:51]} Rxa5
{[%clk 0:33:58]} 37. Rd2 {[%clk 0:00:53]} Ke6 {[%clk 0:34:13]} 38. Rd8
{[%clk 0:01:09]} Ra1+ {[%clk 0:34:27]} 39. Ke2 {[%clk 0:00:56]} Rb1
{[%clk 0:34:08]} 40. b4 {[%clk 0:00:50]} Rb2+ {[%clk 0:33:47]} 41. Ke1
{[%clk 0:01:03]} f4 {[%clk 0:27:25]} 42. h3 {[%clk 0:00:35]} Rb1+
{[%clk 0:25:08]} 43. Ke2 {[%clk 0:00:57]} Rg1 {[%clk 0:25:10]} 44. Re8+
{[%clk 0:00:34]} Kd5 {[%clk 0:25:10]} 45. Rd8+ {[%clk 0:00:55]} Kc4
{[%clk 0:22:27]} 46. Rd4+ {[%clk 0:01:23]} Kxc3 {[%clk 0:22:51]} 47. Rxe4
{[%clk 0:01:49]} Rxg2 {[%clk 0:22:29]} 48. Re6 {[%clk 0:02:14]} Rh2
{[%clk 0:22:35]} 49. Rxh6 {[%clk 0:01:47]} g4 {[%clk 0:22:49]} 50. Rf6
{[%clk 0:02:05]} f3+ {[%clk 0:22:19]} 51. Ke3 {[%clk 0:01:53]} Rxh3
{[%clk 0:21:38]} 52. Kf4 {[%clk 0:02:11]} Rh2 {[%clk 0:21:17]} 53. Kxg4
{[%clk 0:01:06]} Rxf2 {[%clk 0:21:27]} 54. Rb6 {[%clk 0:00:54]} Rb2
{[%clk 0:19:57]} 55. Rxb7 f2 {[%clk 0:20:22]} 56. Rf7 {[%clk 0:01:28]} Kd3
{[%clk 0:19:16]} 57. Kg3 {[%clk 0:01:51]} Rxb4 {[%clk 0:19:20]} 58. Rxf2
{[%clk 0:02:13]} 1/2-1/2

[Event "XXVI Miedzynarodowy Festiwal Szachowy im.Jozefa Dominika"]
[Site "Dobczyce"]
[Date "2018.07.13"]
[Round "5.4"]
[White "Tymrakiewicz, Rafal"]
[Black "Kozak, Antoni"]
[Result "1-0"]
[BlackElo "2208"]
[WhiteElo "2218"]
[LiveChessVersion "1.4.8"]

1. d4 {[%clk 1:30:36]} Nf6 {[%clk 1:30:55]} 2. c3 {[%clk 1:30:16]} d5
{[%clk 1:25:19]} 3. Bf4 {[%clk 1:29:34]} c5 {[%clk 1:24:00]} 4. e3
{[%clk 1:29:54]} Nc6 {[%clk 1:20:43]} 5. Nd2 {[%clk 1:28:55]} Qb6
{[%clk 1:19:56]} 6. Qb3 {[%clk 1:28:28]} c4 {[%clk 1:20:15]} 7. Qc2
{[%clk 1:28:19]} g6 {[%clk 1:20:02]} 8. e4 {[%clk 1:20:49]} Nxe4 9. Nxe4
{[%clk 1:20:41]} Bf5 {[%clk 1:05:54]} 10. f3 {[%clk 1:18:56]} h5 {[%clk 0:48:05]}
11. Ne2 {[%clk 1:09:58]} dxe4 {[%clk 0:43:49]} 12. fxe4 {[%clk 1:09:40]} Bg4
{[%clk 0:44:00]} 13. d5 {[%clk 0:59:54]} Na5 {[%clk 0:37:03]} 14. h3
{[%clk 0:56:55]} Bd7 {[%clk 0:36:33]} 15. Nd4 {[%clk 0:53:48]} Bg7
{[%clk 0:36:59]} 16. Be2 {[%clk 0:47:40]} O-O {[%clk 0:29:38]} 17. e5
{[%clk 0:43:09]} e6 18. d6 Nc6 {[%clk 0:28:34]} 19. Nf3 {[%clk 0:33:32]} Qb5
{[%clk 0:27:43]} 20. a4 {[%clk 0:32:00]} Qc5 {[%clk 0:28:06]} 21. Qe4
{[%clk 0:32:14]} Na5 22. Be3 {[%clk 0:27:19]} Qd5 {[%clk 0:27:20]} 23. Qh4
{[%clk 0:26:48]} Bc6 {[%clk 0:27:43]} 24. O-O {[%clk 0:22:15]} Qe4
{[%clk 0:25:56]} 25. Qf2 {[%clk 0:13:59]} Qc2 {[%clk 0:26:00]} 26. Bd4
{[%clk 0:07:58]} Nb3 {[%clk 0:19:21]} 27. Rad1 {[%clk 0:07:56]} Qxb2
{[%clk 0:19:22]} 28. g4 {[%clk 0:03:16]} Nxd4 {[%clk 0:16:35]} 29. cxd4
{[%clk 0:02:47]} Bxf3 {[%clk 0:13:57]} 30. Bxf3 {[%clk 0:02:50]} Qxf2+
{[%clk 0:13:12]} 31. Rxf2 {[%clk 0:02:50]} hxg4 {[%clk 0:13:36]} 32. hxg4
{[%clk 0:03:13]} Rab8 {[%clk 0:13:42]} 33. g5 {[%clk 0:03:36]} Rfc8
{[%clk 0:11:49]} 34. Rc2 {[%clk 0:03:11]} a6 {[%clk 0:06:46]} 35. a5
{[%clk 0:03:20]} b5 {[%clk 0:06:20]} 36. axb6 {[%clk 0:03:49]} Rxb6
{[%clk 0:06:49]} 37. Rdc1 {[%clk 0:04:08]} Rb4 {[%clk 0:07:06]} 38. Kf2
{[%clk 0:04:22]} Bf8 {[%clk 0:05:36]} 39. Ke3 {[%clk 0:04:12]} f6
{[%clk 0:06:00]} 40. Bg4 {[%clk 0:02:26]} Kf7 {[%clk 0:03:31]} 41. Rf1
{[%clk 0:01:03]} Rb3+ {[%clk 0:02:53]} 42. Ke2 {[%clk 0:01:32]} f5
{[%clk 0:02:25]} 43. Bf3 {[%clk 0:01:55]} Rd3 {[%clk 0:01:48]} 44. Rd1
{[%clk 0:02:20]} Ke8 {[%clk 0:01:51]} 45. Rxc4 {[%clk 0:01:52]} Rxc4
{[%clk 0:01:49]} 46. Kxd3 {[%clk 0:02:18]} Ra4 {[%clk 0:02:16]} 47. Bc6+
{[%clk 0:02:35]} 1-0

[Event "XXVI Miedzynarodowy Festiwal Szachowy im.Jozefa Dominika"]
[Site "Dobczyce"]
[Date "2018.07.13"]
[Round "5.5"]
[White "Watorek, Marcin"]
[Black "Golenia, Wojciech"]
[Result "0-1"]
[BlackElo "1984"]
[WhiteElo "2113"]
[LiveChessVersion "1.4.8"]

1. d4 {[%clk 1:30:47]} d5 {[%clk 1:30:34]} 2. c4 {[%clk 1:31:07]} e6
{[%clk 1:30:58]} 3. Nc3 {[%clk 1:31:34]} c5 {[%clk 1:30:58]} 4. cxd5
{[%clk 1:31:08]} exd5 {[%clk 1:31:07]} 5. Nf3 {[%clk 1:30:40]} Nc6
{[%clk 1:30:49]} 6. g3 {[%clk 1:31:05]} Nf6 {[%clk 1:30:50]} 7. Bg2
{[%clk 1:30:48]} Be7 {[%clk 1:30:47]} 8. O-O {[%clk 1:30:57]} O-O
{[%clk 1:30:43]} 9. Bg5 {[%clk 1:30:09]} c4 {[%clk 1:29:53]} 10. Ne5
{[%clk 1:20:12]} Be6 {[%clk 1:17:17]} 11. e3 {[%clk 1:07:44]} Ne8
{[%clk 0:59:14]} 12. Bxe7 {[%clk 1:06:19]} Nxe7 {[%clk 0:58:14]} 13. f4
{[%clk 1:01:03]} f6 {[%clk 0:57:13]} 14. Nf3 {[%clk 1:01:25]} Nd6
{[%clk 0:54:33]} 15. h3 {[%clk 0:52:17]} b5 {[%clk 0:41:35]} 16. g4
{[%clk 0:49:25]} b4 {[%clk 0:39:28]} 17. Na4 {[%clk 0:48:40]} Ne4
{[%clk 0:37:02]} 18. Nd2 {[%clk 0:48:35]} f5 {[%clk 0:32:41]} 19. Nxe4
{[%clk 0:44:49]} dxe4 {[%clk 0:30:48]} 20. Nc5 {[%clk 0:45:08]} Qb6
{[%clk 0:26:49]} 21. gxf5 {[%clk 0:43:04]} Bxf5 {[%clk 0:22:13]} 22. Qe2
{[%clk 0:37:50]} c3 {[%clk 0:19:49]} 23. bxc3 {[%clk 0:32:04]} bxc3
{[%clk 0:19:55]} 24. Nxe4 {[%clk 0:30:04]} Qg6 {[%clk 0:14:43]} 25. Qf3
{[%clk 0:27:28]} Bxe4 {[%clk 0:12:33]} 26. Qxe4 {[%clk 0:27:53]} Nf5
{[%clk 0:12:39]} 27. Rae1 {[%clk 0:23:17]} Rae8 {[%clk 0:11:50]} 28. Qd5+
{[%clk 0:23:33]} Kh8 {[%clk 0:12:07]} 29. e4 Qg3 30. e5 {[%clk 0:15:58]} Ne3
{[%clk 0:10:50]} 31. Qf3 {[%clk 0:16:10]} Nxf1 {[%clk 0:10:50]} 32. Rxf1
{[%clk 0:14:02]} Qxf3 {[%clk 0:10:45]} 33. Rxf3 {[%clk 0:14:08]} Rc8
{[%clk 0:09:44]} 34. Rf1 {[%clk 0:14:23]} c2 {[%clk 0:10:07]} 35. Rc1
{[%clk 0:14:45]} Rxf4 {[%clk 0:10:00]} 36. d5 {[%clk 0:12:57]} Rb4
{[%clk 0:09:16]} 37. Rxc2 {[%clk 0:11:04]} Rxc2 {[%clk 0:09:19]} 38. d6
{[%clk 0:11:09]} Rb1+ {[%clk 0:08:29]} 39. Bf1 {[%clk 0:11:02]} Rd2
{[%clk 0:08:37]} 0-1

[Event "XXVI Miedzynarodowy Festiwal Szachowy im.Jozefa Dominika"]
[Site "Dobczyce"]
[Date "2018.07.13"]
[Round "5.6"]
[White "Mirski, Michal"]
[Black "Marzec, Karol"]
[Result "1-0"]
[BlackElo "2006"]
[WhiteElo "1973"]
[LiveChessVersion "1.4.8"]

1. e4 {[%clk 1:30:51]} d6 {[%clk 1:30:54]} 2. Nc3 {[%clk 1:30:57]} Nf6
{[%clk 1:31:15]} 3. g3 {[%clk 1:31:07]} g6 {[%clk 1:31:26]} 4. Bg2
{[%clk 1:31:23]} Bg7 {[%clk 1:31:47]} 5. Nge2 {[%clk 1:31:30]} e5
{[%clk 1:31:43]} 6. O-O {[%clk 1:31:39]} O-O {[%clk 1:31:57]} 7. d3
{[%clk 1:31:33]} Nc6 {[%clk 1:31:10]} 8. h3 {[%clk 1:27:13]} Bd7 {[%clk 1:30:27]}
9. Bg5 {[%clk 1:26:59]} Qc8 {[%clk 1:29:44]} 10. Kh2 {[%clk 1:26:46]} Ne8
{[%clk 1:29:14]} 11. Qd2 {[%clk 1:24:02]} f5 {[%clk 1:29:04]} 12. Bh6
{[%clk 1:20:15]} Nf6 {[%clk 1:28:24]} 13. Bxg7 {[%clk 1:18:43]} Kxg7
{[%clk 1:28:45]} 14. exf5 {[%clk 1:18:47]} Bxf5 {[%clk 1:28:18]} 15. f4
{[%clk 1:17:19]} exf4 {[%clk 1:26:32]} 16. Rxf4 {[%clk 1:13:16]} g5
{[%clk 1:24:02]} 17. Rf2 {[%clk 1:08:48]} h6 {[%clk 1:24:11]} 18. Raf1
{[%clk 1:08:21]} Bg6 {[%clk 1:23:11]} 19. Nd5 {[%clk 1:06:17]} Nh7
{[%clk 1:20:42]} 20. Qc3+ {[%clk 1:04:22]} Ne5 {[%clk 1:19:29]} 21. Nxc7
{[%clk 1:00:05]} Rxf2 {[%clk 1:19:06]} 22. Rxf2 {[%clk 1:00:02]} Rb8
{[%clk 1:18:39]} 23. Nf4 {[%clk 0:52:04]} gxf4 {[%clk 1:14:03]} 24. gxf4
{[%clk 0:49:52]} Qf5 25. Be4 {[%clk 0:44:10]} Qf7 {[%clk 1:08:02]} 26. Bd5
{[%clk 0:32:12]} Qf6 {[%clk 1:07:11]} 27. Ne6+ {[%clk 0:26:47]} Kh8
{[%clk 1:06:58]} 28. Rg2 {[%clk 0:24:34]} Nf7 {[%clk 1:01:48]} 29. Rxg6
{[%clk 0:23:29]} Qxc3 {[%clk 1:00:47]} 30. bxc3 {[%clk 0:23:52]} Rc8
{[%clk 1:00:09]} 31. c4 {[%clk 0:23:44]} b6 {[%clk 1:00:02]} 32. Rg7
{[%clk 0:19:02]} Nd8 {[%clk 0:59:48]} 33. Rxa7 {[%clk 0:19:07]} Nxe6
{[%clk 0:58:52]} 34. Bxe6 {[%clk 0:19:32]} Rc5 {[%clk 0:58:59]} 35. Rd7
{[%clk 0:17:17]} Ra5 {[%clk 0:59:06]} 36. Rxd6 {[%clk 0:17:04]} Rxa2
{[%clk 0:59:10]} 37. Rxb6 {[%clk 0:16:59]} Rxc2+ {[%clk 0:59:32]} 38. Kg3
{[%clk 0:16:51]} Nf6 {[%clk 0:59:21]} 39. d4 {[%clk 0:15:03]} Rc3+
{[%clk 0:58:55]} 40. Kf2 {[%clk 0:11:13]} Nh5 {[%clk 0:54:17]} 41. f5
{[%clk 0:08:18]} Kg7 {[%clk 0:52:41]} 42. c5 {[%clk 0:08:04]} Kf6
{[%clk 0:52:24]} 43. Bc8+ {[%clk 0:06:55]} Kg5 {[%clk 0:52:26]} 44. Rg6+
{[%clk 0:07:12]} Kf4 {[%clk 0:52:41]} 45. Rg4# 1-0

[Event "XXVI Miedzynarodowy Festiwal Szachowy im.Jozefa Dominika"]
[Site "Dobczyce"]
[Date "2018.07.13"]
[Round "5.7"]
[White "Kucharski, Bartlomiej"]
[Black "Slabek, Grzegorz"]
[Result "1/2-1/2"]
[BlackElo "1971"]
[WhiteElo "1861"]
[LiveChessVersion "1.4.8"]

1. Nc3 {[%clk 1:29:49]} Nf6 {[%clk 1:30:45]} 2. e4 {[%clk 1:30:14]} d5
{[%clk 1:31:12]} 3. e5 {[%clk 1:28:48]} Ne4 {[%clk 1:31:35]} 4. d4
{[%clk 1:28:26]} Nxc3 {[%clk 1:31:57]} 5. bxc3 {[%clk 1:28:51]} c5
{[%clk 1:32:23]} 6. Nf3 {[%clk 1:26:45]} Bg4 {[%clk 1:32:45]} 7. Bb5+
{[%clk 1:26:05]} Nc6 {[%clk 1:33:14]} 8. h3 {[%clk 1:23:55]} Bxf3
{[%clk 1:33:34]} 9. Bxc6+ {[%clk 1:24:07]} bxc6 {[%clk 1:33:57]} 10. Qxf3
{[%clk 1:24:34]} e6 {[%clk 1:34:17]} 11. O-O {[%clk 1:22:49]} Be7
{[%clk 1:33:58]} 12. Qg3 {[%clk 1:22:52]} g6 {[%clk 1:33:20]} 13. Bh6
{[%clk 1:21:21]} Bf8 {[%clk 1:33:37]} 14. Bxf8 {[%clk 1:19:23]} Kxf8
{[%clk 1:33:49]} 15. Rfb1 {[%clk 0:54:12]} Rb8 {[%clk 1:33:37]} 16. Qf4
{[%clk 0:46:37]} Kg7 {[%clk 1:33:54]} 17. Rxb8 {[%clk 0:44:56]} Qxb8
{[%clk 1:33:12]} 18. Qf6+ {[%clk 0:45:22]} Kg8 {[%clk 1:33:17]} 19. dxc5
{[%clk 0:43:48]} h5 {[%clk 1:33:33]} 20. h4 {[%clk 0:42:45]} Qb7 {[%clk 1:31:26]}
21. Qf4 {[%clk 0:41:05]} Qb2 {[%clk 1:31:08]} 22. Rd1 {[%clk 0:40:18]} Qxc2
{[%clk 1:30:51]} 23. Rd4 {[%clk 0:39:51]} a5 {[%clk 1:30:21]} 24. Qf6
{[%clk 0:37:35]} Qxa2 {[%clk 1:28:07]} 25. Rf4 {[%clk 0:33:13]} Qb1+
{[%clk 1:28:00]} 26. Kh2 {[%clk 0:33:39]} Qb7 {[%clk 1:28:19]} 27. Qd8+
{[%clk 0:33:48]} Kg7 {[%clk 1:27:03]} 28. Qf6+ {[%clk 0:25:44]} Kg8
{[%clk 1:26:14]} 29. Qd8+ {[%clk 0:26:09]} Kg7 {[%clk 1:25:33]} 30. Qf6+
{[%clk 0:26:35]} Kg8 {[%clk 1:25:55]} 31. Qd8+ {[%clk 0:27:00]} 1/2-1/2

[Event "XXVI Miedzynarodowy Festiwal Szachowy im.Jozefa Dominika"]
[Site "Dobczyce"]
[Date "2018.07.13"]
[Round "5.8"]
[White "Kuciel, Wladyslaw"]
[Black "Cisek, Kamil"]
[Result "1-0"]
[BlackElo "1726"]
[WhiteElo "1963"]
[LiveChessVersion "1.4.8"]

1. d4 {[%clk 1:30:56]} d5 {[%clk 1:30:51]} 2. Nf3 {[%clk 1:31:19]} Nf6
{[%clk 1:31:05]} 3. c4 {[%clk 1:31:45]} e6 {[%clk 1:30:53]} 4. Nc3
{[%clk 1:32:08]} Be7 {[%clk 1:30:52]} 5. g3 {[%clk 1:32:33]} O-O {[%clk 1:30:53]}
6. Bg2 {[%clk 1:32:38]} b6 {[%clk 1:30:29]} 7. cxd5 {[%clk 1:32:51]} exd5
{[%clk 1:30:18]} 8. O-O {[%clk 1:33:08]} Bb7 {[%clk 1:29:24]} 9. Bf4
{[%clk 1:32:49]} Nbd7 {[%clk 1:22:29]} 10. Rc1 {[%clk 1:33:01]} c5
{[%clk 1:22:32]} 11. a3 {[%clk 1:29:05]} Re8 {[%clk 1:14:58]} 12. Re1
{[%clk 1:22:07]} Nf8 {[%clk 1:14:25]} 13. dxc5 bxc5 {[%clk 1:13:47]} 14. Qb3
{[%clk 1:16:47]} Qb6 {[%clk 1:12:46]} 15. Qc2 {[%clk 1:16:34]} Ne6
{[%clk 1:12:03]} 16. Red1 {[%clk 1:11:26]} Bc6 {[%clk 1:03:02]} 17. Ne5
{[%clk 1:09:48]} Nd4 {[%clk 0:57:48]} 18. Qb1 {[%clk 1:08:19]} Red8
{[%clk 0:54:22]} 19. Nxc6 {[%clk 1:05:44]} Qxc6 {[%clk 0:54:35]} 20. Rxd4
{[%clk 1:05:41]} cxd4 {[%clk 0:53:34]} 21. Nxd5 {[%clk 1:05:58]} Qe8
{[%clk 0:47:23]} 22. Nc7 {[%clk 1:04:53]} Qf8 {[%clk 0:46:07]} 23. Bxa8
{[%clk 1:05:00]} Rxa8 {[%clk 0:45:51]} 24. Nxa8 {[%clk 1:05:23]} Qxa8
{[%clk 0:46:03]} 25. Qf5 {[%clk 1:05:28]} Bf8 {[%clk 0:45:10]} 26. Rc8
{[%clk 1:05:13]} Qb7 {[%clk 0:44:31]} 27. Bd6 {[%clk 1:05:18]} Nd7
{[%clk 0:44:26]} 28. Qxd7 {[%clk 1:05:40]} 1-0

[Event "XXVI Miedzynarodowy Festiwal Szachowy im.Jozefa Dominika"]
[Site "Dobczyce"]
[Date "2018.07.13"]
[Round "5.9"]
[White "Kawula, Andrzej"]
[Black "Furtak, Joanna"]
[Result "1/2-1/2"]
[BlackElo "1948"]
[WhiteElo "1848"]
[LiveChessVersion "1.4.8"]

1. d4 {[%clk 1:30:55]} d5 {[%clk 1:30:57]} 2. c4 {[%clk 1:31:22]} e6
{[%clk 1:31:24]} 3. Nc3 {[%clk 1:31:47]} Nf6 {[%clk 1:31:51]} 4. Nf3
{[%clk 1:32:01]} Bb4 {[%clk 1:32:16]} 5. e3 {[%clk 1:30:06]} c5 {[%clk 1:32:12]}
6. dxc5 {[%clk 1:30:12]} Bxc3+ {[%clk 1:30:01]} 7. bxc3 {[%clk 1:30:36]} Qa5
{[%clk 1:30:11]} 8. Bd2 {[%clk 1:31:03]} O-O {[%clk 1:28:59]} 9. cxd5
{[%clk 1:31:14]} exd5 {[%clk 1:29:15]} 10. c4 {[%clk 1:30:41]} Qxc5
{[%clk 1:29:31]} 11. Qb3 {[%clk 1:29:37]} Nc6 {[%clk 1:27:39]} 12. cxd5
{[%clk 1:29:42]} Qxd5 {[%clk 1:23:00]} 13. Bc4 {[%clk 1:29:40]} Qh5
{[%clk 1:22:57]} 14. Be2 {[%clk 1:25:15]} Rd8 {[%clk 1:14:52]} 15. Bc3
{[%clk 1:22:20]} Ne4 {[%clk 1:09:04]} 16. O-O {[%clk 1:12:44]} Be6
{[%clk 1:07:02]} 17. Qb2 {[%clk 1:11:22]} Nxc3 {[%clk 1:06:02]} 18. Qxc3
{[%clk 1:11:45]} Rac8 {[%clk 1:03:23]} 19. Qb2 {[%clk 1:10:37]} Qa5
{[%clk 1:02:51]} 20. a3 {[%clk 0:58:19]} b6 {[%clk 1:02:16]} 21. Rac1
{[%clk 0:56:12]} f6 {[%clk 0:57:44]} 22. Bb5 {[%clk 0:56:11]} Ne7
{[%clk 0:56:08]} 23. Nd4 {[%clk 0:55:09]} Bf7 {[%clk 0:55:40]} 24. h3
{[%clk 0:53:33]} a6 {[%clk 0:44:15]} 25. Be2 {[%clk 0:52:07]} h5 {[%clk 0:33:39]}
26. Bf3 {[%clk 0:50:19]} Rxc1 {[%clk 0:29:54]} 27. Rxc1 {[%clk 0:50:23]} Rc8
{[%clk 0:30:19]} 28. Rxc8+ {[%clk 0:45:58]} Nxc8 {[%clk 0:30:44]} 29. Nc6
{[%clk 0:44:27]} Qc5 {[%clk 0:30:11]} 30. Qd2 {[%clk 0:39:13]} Qd6
{[%clk 0:24:08]} 31. Qc3 {[%clk 0:32:29]} a5 {[%clk 0:06:28]} 32. Nxa5
{[%clk 0:20:11]} bxa5 {[%clk 0:06:13]} 33. Qxc8+ {[%clk 0:20:33]} Kh7
{[%clk 0:06:36]} 34. Qc3 {[%clk 0:19:40]} Qb6 {[%clk 0:05:30]} 35. g3
{[%clk 0:17:39]} Qb1+ {[%clk 0:04:00]} 36. Kg2 {[%clk 0:18:06]} Qf5
{[%clk 0:04:14]} 37. Qd4 {[%clk 0:17:51]} g6 {[%clk 0:03:24]} 38. Qe4
{[%clk 0:12:42]} Qc5 {[%clk 0:03:10]} 39. Qd3 {[%clk 0:11:25]} Kg7
{[%clk 0:03:06]} 40. h4 {[%clk 0:11:47]} Be6 {[%clk 0:02:45]} 41. Qe4
{[%clk 0:11:29]} Bf7 {[%clk 0:02:49]} 42. Qb7 {[%clk 0:11:04]} Qxa3
{[%clk 0:02:34]} 43. Bd5 {[%clk 0:11:02]} Qf8 {[%clk 0:02:59]} 44. Qa7
{[%clk 0:10:49]} a4 {[%clk 0:01:37]} 45. Bxf7 {[%clk 0:10:40]} Qxf7
{[%clk 0:02:04]} 46. Qxa4 {[%clk 0:11:03]} Qb7+ {[%clk 0:02:27]} 47. Kh2
{[%clk 0:11:14]} Qe7 {[%clk 0:02:16]} 48. Qd4 {[%clk 0:11:13]} Kf7
{[%clk 0:02:26]} 49. e4 {[%clk 0:11:17]} Kg7 {[%clk 0:02:30]} 50. Kg2
{[%clk 0:11:39]} Qb7 {[%clk 0:02:31]} 51. f3 {[%clk 0:10:57]} Qc7
{[%clk 0:02:19]} 52. Qd2 {[%clk 0:11:16]} Qb7 {[%clk 0:01:43]} 53. Qc3
{[%clk 0:11:20]} Qa7 {[%clk 0:01:51]} 54. Qb2 Qd7 55. f4 {[%clk 0:11:07]} Qd3
{[%clk 0:01:42]} 56. e5 {[%clk 0:09:48]} fxe5 {[%clk 0:01:17]} 57. fxe5
{[%clk 0:09:39]} Qd5+ {[%clk 0:01:12]} 58. Kf2 {[%clk 0:09:02]} Kf7
{[%clk 0:01:23]} 59. Qe2 {[%clk 0:06:06]} Ke6 {[%clk 0:01:11]} 60. Qa6+
{[%clk 0:06:10]} Kxe5 {[%clk 0:01:29]} 61. Qxg6 {[%clk 0:06:08]} Qd2+
{[%clk 0:01:41]} 62. Kf3 {[%clk 0:05:11]} Qd1+ {[%clk 0:01:56]} 1/2-1/2

[Event "XXVI Miedzynarodowy Festiwal Szachowy im.Jozefa Dominika"]
[Site "Dobczyce"]
[Date "2018.07.14"]
[Round "6.1"]
[White "Bednarczyk, Damian"]
[Black "Mis, Mieszko"]
[Result "0-1"]
[BlackElo "2291"]
[WhiteElo "2227"]
[LiveChessVersion "1.4.8"]

1. e4 {[%clk 1:17:25]} c6 {[%clk 1:30:45]} 2. d4 {[%clk 1:16:38]} d5
{[%clk 1:31:11]} 3. e5 {[%clk 1:16:40]} Bf5 {[%clk 1:31:36]} 4. Nf3
{[%clk 1:15:59]} e6 {[%clk 1:32:01]} 5. Be2 {[%clk 1:16:09]} Nd7 {[%clk 1:32:26]}
6. O-O {[%clk 1:16:20]} Ne7 {[%clk 1:31:37]} 7. Re1 {[%clk 1:10:40]} h6
{[%clk 1:30:28]} 8. Nbd2 {[%clk 1:10:15]} Qc7 {[%clk 1:30:28]} 9. Nf1
{[%clk 1:07:34]} Bh7 {[%clk 1:04:45]} 10. c3 {[%clk 0:52:38]} c5 {[%clk 1:01:53]}
11. Bd3 {[%clk 0:38:31]} Bxd3 {[%clk 1:01:34]} 12. Qxd3 {[%clk 0:39:00]} Rc8
{[%clk 0:59:05]} 13. Ne3 {[%clk 0:38:04]} Nc6 {[%clk 0:58:31]} 14. Bd2
{[%clk 0:33:15]} Qb6 {[%clk 0:57:07]} 15. a3 {[%clk 0:31:59]} Qb3
{[%clk 0:56:13]} 16. Qe2 {[%clk 0:24:33]} Be7 {[%clk 0:55:21]} 17. a4
{[%clk 0:22:16]} O-O {[%clk 0:45:07]} 18. Qb5 {[%clk 0:22:42]} c4
{[%clk 0:45:33]} 19. Nxd5 {[%clk 0:19:30]} exd5 {[%clk 0:44:25]} 20. Qxd5
{[%clk 0:19:58]} Rcd8 {[%clk 0:43:15]} 21. Qe4 {[%clk 0:18:47]} Nb6
{[%clk 0:41:41]} 22. Qg4 {[%clk 0:18:58]} Qc2 {[%clk 0:40:29]} 23. a5
{[%clk 0:17:49]} Nd5 {[%clk 0:40:25]} 24. Bxh6 {[%clk 0:18:13]} Qg6
{[%clk 0:40:06]} 25. Qxg6 {[%clk 0:17:19]} fxg6 {[%clk 0:40:34]} 26. Bd2
{[%clk 0:17:48]} Rf5 {[%clk 0:40:34]} 27. Re4 {[%clk 0:17:05]} Nc7
{[%clk 0:39:45]} 28. Ra4 {[%clk 0:15:11]} Rd5 {[%clk 0:37:40]} 29. Rg4
{[%clk 0:09:48]} Kf7 {[%clk 0:34:30]} 30. Rxc4 {[%clk 0:08:42]} Rxa5
{[%clk 0:34:28]} 31. h4 {[%clk 0:08:53]} Nd5 {[%clk 0:34:27]} 32. e6+
{[%clk 0:03:43]} Kxe6 {[%clk 0:34:39]} 33. Rxg6+ {[%clk 0:04:09]} Kf7
{[%clk 0:34:36]} 34. Rgxc6 {[%clk 0:04:23]} bxc6 {[%clk 0:34:51]} 35. Rxc6
{[%clk 0:04:48]} Ra1+ {[%clk 0:33:27]} 36. Kh2 {[%clk 0:05:04]} Rf6
{[%clk 0:33:29]} 37. Ne5+ {[%clk 0:04:44]} Kg8 {[%clk 0:33:43]} 38. c4
{[%clk 0:04:53]} Rxc6 {[%clk 0:33:25]} 39. Nxc6 {[%clk 0:05:22]} Bd6+
{[%clk 0:33:53]} 40. g3 {[%clk 0:05:40]} Ne7 {[%clk 0:33:21]} 41. Nd8
{[%clk 0:05:09]} Nf5 {[%clk 0:28:52]} 42. c5 {[%clk 0:03:07]} Rd1
{[%clk 0:28:19]} 43. Bc3 {[%clk 0:03:05]} Bxc5 {[%clk 0:28:43]} 44. dxc5
{[%clk 0:02:13]} Rxd8 {[%clk 0:29:11]} 45. g4 {[%clk 0:02:22]} Nxh4
{[%clk 0:29:06]} 0-1

[Event "XXVI Miedzynarodowy Festiwal Szachowy im.Jozefa Dominika"]
[Site "Dobczyce"]
[Date "2018.07.14"]
[Round "6.2"]
[White "Kasperek, Ryszard"]
[Black "Golenia, Jan"]
[Result "1-0"]
[BlackElo "1986"]
[WhiteElo "2156"]
[LiveChessVersion "1.4.8"]

1. e4 {[%clk 1:30:59]} d6 {[%clk 1:30:24]} 2. d4 {[%clk 1:31:14]} Nf6
{[%clk 1:30:53]} 3. Nc3 {[%clk 1:31:37]} c6 {[%clk 1:31:19]} 4. f4
{[%clk 1:30:56]} Qa5 {[%clk 1:31:02]} 5. Bd3 {[%clk 1:29:52]} e5 {[%clk 1:30:00]}
6. dxe5 dxe5 7. Nf3 {[%clk 1:22:56]} Nbd7 {[%clk 1:29:09]} 8. O-O
{[%clk 1:21:04]} Bb4 {[%clk 1:25:19]} 9. fxe5 {[%clk 1:09:27]} Nxe5
{[%clk 1:13:42]} 10. Nxe5 {[%clk 1:09:25]} Qxe5 {[%clk 1:11:58]} 11. Bf4
{[%clk 1:09:15]} Qc5+ {[%clk 1:04:36]} 12. Kh1 {[%clk 1:09:16]} Be6
{[%clk 1:04:22]} 13. Qe1 {[%clk 0:49:18]} Ba5 {[%clk 0:45:38]} 14. a3
{[%clk 0:36:12]} Qh5 {[%clk 0:38:39]} 15. b4 {[%clk 0:28:04]} Bd8
{[%clk 0:39:07]} 16. Bd6 {[%clk 0:20:44]} Nd7 {[%clk 0:35:07]} 17. e5
{[%clk 0:10:12]} Be7 {[%clk 0:19:47]} 18. Ne4 {[%clk 0:07:05]} Nxe5
{[%clk 0:12:54]} 19. Bxe7 {[%clk 0:07:17]} Kxe7 {[%clk 0:09:15]} 20. Qg3
{[%clk 0:05:33]} Ng4 {[%clk 0:02:57]} 21. h3 {[%clk 0:02:45]} Qe5
{[%clk 0:02:31]} 22. hxg4 {[%clk 0:02:59]} Qxg3 {[%clk 0:02:08]} 23. Nxg3
{[%clk 0:03:26]} Bxg4 {[%clk 0:02:32]} 24. Rae1+ {[%clk 0:03:35]} Be6
{[%clk 0:02:43]} 25. Nf5+ {[%clk 0:03:55]} Kf8 {[%clk 0:02:39]} 26. Nd6
{[%clk 0:03:43]} Bd5 {[%clk 0:03:05]} 27. Nxb7 {[%clk 0:02:58]} h5
{[%clk 0:01:42]} 28. c4 {[%clk 0:03:06]} 1-0